L' homme métaphysique

محفوظ في:
التفاصيل البيبلوغرافية
المؤلف الرئيسي: Jolivet, Régis (مؤلف)
التنسيق: كتاب
اللغة:الفرنسية
منشور في: París Arthéme Fayard 1958
سلاسل:Encyclopédie du Catholique au XXéme Siécle
الموضوعات:
الوسوم: إضافة وسم
لا توجد وسوم, كن أول من يضع وسما على هذه التسجيلة!

MARC

LEADER 00000nam a2200000 a 4500
001 UCZ3986
003 CL-VaPUC
008 951027e19580000FR |||||||||||||||||fre|d
082 0 4 |a 110  |b JOL  |2 21 
100 |a Jolivet, Régis  |e author  |9 544683 
245 1 3 |a L' homme métaphysique 
300 |a v 
942 |c BK 
945 |d 19951027 00:00:00  |a lriquelm 
260 |a París  |b Arthéme Fayard  |c 1958 
500 |a v.3: Qu'est-ce que l'homme? 
650 0 |a Metafísica  |9 265649 
650 7 |a HOMBRE  |2 CL-VaPUC  |9 262149 
650 0 |a Naturaleza humana   |9 308593 
650 0 |a Fenomenología  |9 256519 
650 0 |a Creencia Religiosa  |9 316904 
650 0 |a Filosofía de las ciencias  |9 256466 
650 0 |a Ontología   |9 256850 
650 0 |a Ética  |9 255099 
650 0 |a Axiología  |9 334895 
583 |a last modification  |c 19951027 00:00:00  |k Rodrigo Vera 
490 0 |a Encyclopédie du Catholique au XXéme Siécle 
999 |c 240425  |d 240423 
952 |0 0  |1 0  |4 0  |6 110_000000000000000_JOL_1958  |7 0  |8 P  |9 252288  |a BIBEDU  |b BIBEDU  |c BIBEDU_PB  |d 2019-11-18  |h v.3  |i 1593412  |o 110 JOL 1958  |p 1593412  |r 2024-01-25  |w 2019-11-18  |y BK  |k FIL